كش ملك / (رقم التسجيلة. 132705)

تفاصيل مارك
000 -الفاتح
عناصر البيانات ثابتة الطول 00613cam a2200193 i 4500
005 - تاريخ ووقت آخر معاملة
حقل ضبط 20251118125307.0
008 - عناصر البيانات ثابتة الطول
عناصر البيانات ثابتة الطول 250721s2014 ua gr 000 0 ara d
020 ## - الترقيم الدولي المعياري للكتب (ردمك)
الترقيم الدولي المعياري للكتب (ردمك) 9789776277755
082 14 - رقم تصنيف ديوي العشري
رقم التصنيف 210.202
رقم المادة ع م ر
100 1# - مدخل رئيسي – اسم شخصي
الاسم الشخصي العمري، احمد خيري
علاقة الشخص بالعمل/ دوره مؤلف.
245 10 - بيان العنوان
العنوان كش ملك /
بيان المسؤولية د.أحمد خيري العمري.
250 ## - بيان الطبعة
بيان الطبعة الطبعة السادسة.
264 31 - بيانات النشر، التوزيع…إلخ
مكان النشر، التوزيع...إلخ القاهرة :
اسم الناشر، الموزع...إلخ دار اجيال،
تاريخ النشر، التوزيع...إلخ 2014.
300 ## - الوصف المادي
عدد الوحدات المكونة للوعاء 75 صفحة.
650 17 - مدخل إضافي بالموضوع - مصطلح موضوعي
مصطلح موضوعي أو اسم جغرافي كعنصر مدخل الإسلام.
653 ## - رأس موضوع – غير مقيد
المصطلح / رأس الموضوع غير المقيد الموجزات و المختصرات.
942 ## - بيانات إضافية (كوها)
نوع التنصيف Dewey Decimal Classification
نوع المادة (كوها) كتب
المقتنيات
حالة السحب حالة الفقدان مصدر التصنيف حالة التلف غير قابل للإعارة المكتبة الرئيسية المكتبة الحالية موقع الرف تاريخ التزويد الرقم المتسلسل Total Checkouts رقم الإستدعاء الباركود تاريخ آخر ظهور تاريخ الفاتورة نوع المادة (كوها)
    Dewey Decimal Classification     المكتبة المركزية المكتبة المركزية الإعارة 28/07/2025 1614123   210.202 / ع م ر PLD00354065 28/07/2025 28/07/2025 كتب
Implemented & Customized by: BBB with SCIT (Smart Chains for Information Technology)

Powered by Koha